000 00351nam a2200133Ia 4500
008 210210b1958 xxu||||| |||| 00| 0 eng d
082 _a973 BOOA
100 _aBOORSTIN (Daniel J).
245 _aAmericans the democratic experience.
260 _aBombay.
_bAllied Publishers
_c1958
300 _axiv,717
690 _aAmerican History
906 _a032277
999 _c83318
_d83318